000 01012cam a22002531i 4500
003 SA_RiAUC
005 20241217080709.0
008 241216s2010____ku o g f000 0 ara c
040 _aOM-BhNPL
_bara
_cSA-RiAUC
_erda
082 0 4 _a253.9011
_qSA-RiAUC
090 _a253.9011
_bع ب د
100 1 _aعبد الله، طارق
_eمؤلف.
245 1 2 _aالوقف والعولمة :
_bاستشراف مستقبل الأوقاف في القرن الحادي والعشرين /
_cطارق عبد الله.
250 _aالطبعة الأولى.
264 1 _aالكويت :
_bالأمانة العامة للأوقاف،
_c2010
300 _a432 صفحة :
_bصور ؛
_c24 سم
336 _aنص
_btxt
_2rdacontent
_3كتاب
337 _aبدون وسيط
_bn
_2rdamedia
338 _aمجلد
_bnc
_2rdacarrier
650 7 _aالوقف
_yقرن 21
_xاستشراف
_2aucsh
650 7 _aالعولمة
_yقرن 21
_xاستشراف
_2aucsh
942 _2ddc
_cBOOK
_n0
949 _aSA-JeALM
_d241216
_umohamedma123
_n1
999 _c3583
_d3583